Competitividad internacional de la educacin̤ superior en la regin̤ de Bogot ̀y sus municipios circundantes

Bibliographic Details
Main Author: Guarn̕ Salazar, Milkiades
Other Authors: Mayorga Rincn̤, Olga Luca̕
Format: eBook
Language:Spanish
Published: Bogot:̀ Ediciones Universidad Cooperativa de Colombia, 2016
Subjects:
Online Access:Acceso restringido

MARC

LEADER 00000nam a22000007a 4500
005 20200420233838.0
007 cr|||| ||||
008 200420s2016 co |||||s|||| 00||0 spa d
020 |a 978-958-760-042-1 
035 |a 31318 
040 |a vLex 
090 |c 10301  |d 10301 
100 1 |a Guarn̕ Salazar, Milkiades 
245 1 0 |a Competitividad internacional de la educacin̤ superior en la regin̤ de Bogot ̀y sus municipios circundantes  |h [Recurso electrn̤ico] /  |c Milkiades Guarn̕ Salazar, Olga Luca̕ Mayorga Rincn̤ 
256 |a Servicio en ln̕ea 
260 |a Bogot:̀  |b Ediciones Universidad Cooperativa de Colombia,  |c 2016 
300 |a 1 recurso electrn̤ico 
500 |a La ciudad de Bogot ̀y los municipios circundantes contemplan, dentro de sus planes estratǧicos, convertir a la regin̤ no solo en la ms̀ competitiva del pas̕, sino tambiň en la de mayor productividad en el contexto latinoamericano. Los avances en cooperacin̤ pb︢lica, el marketing de ciudad, el mejoramiento en la percepcin̤ de ciudad, la favorabilidad hacia el emprendimiento y la innovacin̤ muestran la madurez alcanzada por la regin̤ y los avances en dicho props̤ito, al cual tambiň se sum ̤el Estado con el desarrollo de polt̕icas pb︢licas en el fortalecimiento de la infraestructura de la regin̤, y la sostenibilidad de las polt̕icas econm̤icas, sociales, culturales y ambientales. Para la concrecin̤ de esta meta de competitividad, la ciudad facilit ̤la conformacin̤ de aglomerados empresariales o cls︢ter, a los cuales se les est ̀apostando en los props̤itos diferenciadores: ropa interior femenina, marroquinera̕, hortofruticultura, alimentos en fresco y procesados, desarrollo de software y servicios de salud de alta complejidad. Teniendo en cuenta que la educacin̤ es uno de los medios por excelencia que permite el acercamiento del hombre a los nuevos paradigmas, este libro describe y analiza las caracters̕ticas de calidad y el reconocimiento nacional e internacional de las instituciones de educacin̤ superior de la regin̤, con base en algunos estudios que destacan a la educacin̤ superior como un nuevo cls︢ter y un aliado en los props̤itos de competitividad de la regin̤. 
506 1 |a Disponible solo en los productos indicados  |d vLex Global  |d vLex Global (Academic Edition, excluding Law Schools)  |d vLex Global (U.S. Academic Edition, Law Schools)  |d vLex Global (U.S. Academic Edition, excluding Law Schools)  |d vLex Global (Academic Edition, Law Schools) 
650 0 4 |a Educacin̤  |z Colombia 
700 1 |a Mayorga Rincn̤, Olga Luca̕ 
740 0 |a vLex Libros (Servicio en ln̕ea) 
856 4 0 |u http://vlex.com/source/competitividad-internacional-de-la-educacion-superior-en-la-region-de-bogota-y-sus-municipios-circundantes-31318  |z Acceso restringido 
942 |c BOOK 
999 0 |a Education